Engineering economy
Αποθηκεύτηκε σε:
| Κύριος συγγραφέας: | |
|---|---|
| Άλλοι συγγραφείς: | |
| Μορφή: | Βιβλίο |
| Γλώσσα: | English |
| Δημοσίευση: |
Boston, Massachusetts :
WCB, McGraw-Hill,
c1998
|
| Έκδοση: | 4th ed. |
| Σειρά: | McGraw-Hill series in industrial engineering and management science
|
| Θέματα: | |
| Ετικέτες: |
Προσθήκη ετικέτας
Δεν υπάρχουν, Καταχωρήστε ετικέτα πρώτοι!
|
MARC
| LEADER | 00000nam a2200000 i 4500 | ||
|---|---|---|---|
| 001 | 1/17364 | ||
| 008 | 010220s1998 eng d | ||
| 020 | |a 0-07-063110-7 (hbk.) | ||
| 035 | |l 10066107 | ||
| 040 | |a GR-MY-UA |b gre |e aacr | ||
| 041 | 0 | |a eng | |
| 082 | 0 | |a 658.152 | |
| 100 | 1 | |a Blank, Leland. | |
| 245 | 1 | 0 | |a Engineering economy / |c leland Blank, Anthony Tarquin |
| 250 | |a 4th ed. | ||
| 260 | |a Boston, Massachusetts : |b WCB, |b McGraw-Hill, |c c1998 | ||
| 300 | |a xii, 722 p. | ||
| 490 | 1 | |a McGraw-Hill series in industrial engineering and management science | |
| 504 | |a Includes index | ||
| 650 | 0 | 0 | |a Engineering economy. |
| 700 | 1 | |a Tarquin, Anthony J. | |
| 830 | 0 | |a McGraw-Hill series in industrial engineering and management science | |
| 852 | |a INST |b CHIOS |e 20010220 |h 658.152 BLA |p 005200021528 |q 005200021528 |t BK |y 0 | ||
| 901 | |a BIBL2-2001-1 | ||
| 909 | |a Χ |b 083979 | ||
| 922 | |a 2ΕΛΗ |b 200012 |c ΤΜΟΔ |d ΜΙΧΑΛΟΠΟΥΛΟΣ | ||
| 950 | |a 186-2000-09-14 | ||
| 970 | |a ΣΠΕΝΤΖΑ |b ΕΛΕΝΗ |z 2001/02/20 | ||